000 00354nam a2200133 i 4500
001 bg
100 1 _aHARRISON, Michael A.
245 0 _aWstęp do teorii sieci przełączających i teorii automatów /
_cMichael A. Harrison.
260 _aWarszawa,
_c1973.
040 _cBPK
041 _apol
942 _cKS
008 s pl f |000 0 pol
999 _c26468
_d26468
856 _uhttp://koha.tu.koszalin.pl/cgi-bin/koha/opac-detail.pl?biblionumber=26468
_yKatalog online BPK